Dividing the child : social and legal dilemmas of custody

Αποθηκεύτηκε σε:
Λεπτομέρειες βιβλιογραφικής εγγραφής
Κύριος συγγραφέας: Maccoby, Eleanor E. 1917-
Άλλοι συγγραφείς: Mnookin, Robert H.
Μορφή: Βιβλίο
Γλώσσα:English
Δημοσίευση: London : Harvard University Press, c1992
Θέματα:
Ετικέτες: Προσθήκη ετικέτας
Δεν υπάρχουν, Καταχωρήστε ετικέτα πρώτοι!

MARC

LEADER 00000nam a2200000 i 4500
001 1/26492
008 981217s1992 eng d
020 |a 0-674-21295-9 
035 |l 10037592 
040 |a GR-MY-UA  |b gre  |e aacr 
041 0 |a eng 
082 0 |a 306.89 
100 1 |a Maccoby, Eleanor E.  |d 1917- 
245 1 0 |a Dividing the child :  |b social and legal dilemmas of custody /  |c Eleanor E. MacCoby and Robert H. Mnookin with Charlene E. Depner and Elizabeth Peters 
260 |a London :   |b Harvard University Press,   |c c1992 
300 |a 369 p.  |b fig.; tables 
504 |a Includes bibliographical references and index 
650 0 0 |a Divorce  |z California  |x Longitudinal studies. 
650 0 0 |a Custody of children  |x Longitudinal studies  |z California. 
650 0 0 |a Divorce  |z United States. 
650 0 0 |a Custody of children  |z United States. 
650 0 0 |a Divorced parents  |z United States  |x Family relationships. 
700 1 |a Mnookin, Robert H. 
852 |a INST  |b LESVOS  |e 19981217  |h 306.89 MAC  |p 005100017245  |q 005100017245  |t BK  |y 0 
901 |a BIBL-1999-1 
909 |a Λ  |b 060970 
922 |a 1ΕΛΗ  |b 199811  |c ΚΠΣ/ΤΚ  |d ΠΑΠΑΣΩΤΗΡΙΟΥ 
950 |a 103-1998-07-27